La basura: juego, trabajo y aprendo

Uloženo v:
Podrobná bibliografie
Hlavní autor: Murillo Sánchez, Marielos
Médium: Text
Vydáno: Heredia: Editorial Fundación UNA
Tagy: Přidat tag
Žádné tagy, Buďte první, kdo vytvoří štítek k tomuto záznamu!

MARC

LEADER 00000 a a2200000 04500
001 22806
003
040
090 |a 157000  
100 |a Murillo Sánchez, Marielos  
245 |a La basura: juego, trabajo y aprendo  
260 |a Heredia:   |b Editorial Fundación UNA  
300 |a 33 p.  
999 |c 15856  |d 15856